| 000 | 00573nam a22001937a 4500 | ||
|---|---|---|---|
| 003 | OSt | ||
| 005 | 20160701170512.0 | ||
| 008 | 160701b xxu||||| |||| 00| 0 eng d | ||
| 020 | _a9781416032519 | ||
| 040 | _cDNLM. | ||
| 082 | _aQZ200O2l 2007. | ||
| 100 |
_aHricak,Hedvig;Husband,Janet;Panicek,M.David; _99907 |
||
| 245 |
_aOncologic Imaging; _bEssentials Of Reporting Common cancers. |
||
| 260 |
_aPhiladelphia, _aPennyslvania. _bSaunders. _c2007. |
||
| 300 |
_axiv,306p; _bcol,ill; _c17cm. |
||
| 504 | _aincludes index. | ||
| 650 |
_aPathology. _937 |
||
| 942 |
_2z _cO_SHELF |
||
| 999 |
_c4606 _d4606 |
||